| 000 | 00489nam a2200169 i 4500 | ||
|---|---|---|---|
| 001 | 50706 | ||
| 003 | ES-MaACL | ||
| 005 | 20230906162226.0 | ||
| 007 | t| | ||
| 008 | 030806s1920 it |||| | ita d | ||
| 100 | 1 |
_aCurcio, Gaetano. _942202 |
|
| 245 | 1 | 0 |
_aStoria della letteratura latina / _cdi Gaetano Curcio. |
| 260 |
_aNapoli : _b[Vicenzo Gianndta], _c1920] |
||
| 300 |
_a2 v. ; _c24 cm. |
||
| 650 | 0 | 4 |
_aLiteratura latina- _xHistoria y crÃtica. _914633 |
| 852 |
_aES-MaACL _jB-4803-04 |
||
| 999 |
_c50706 _d50706 |
||